Использование диаграмм UML для визуального моделирования предметной области при построении АСТПП; Информационные технологии; № 4

التفاصيل البيبلوغرافية
Parent link:Информационные технологии: теоретический и прикладной научно-технический журнал.— , 2000-
№ 4.— 2004.— С. 58-64
المؤلف الرئيسي: Яблочников Е. И.
اللغة:الروسية
منشور في: 2004
سلاسل:Информационные технологии в управлении, экономике и планировании
الموضوعات:
التنسيق: MixedMaterials فصل الكتاب
KOHA link:https://koha.lib.tpu.ru/cgi-bin/koha/opac-detail.pl?biblionumber=394354

MARC

LEADER 00000naa2a2200000 4500
001 394354
005 20231101064510.0
035 |a (RuTPU)RU\TPU\prd\31071 
090 |a 394354 
100 |a 20041215a2004 k y0rusy50 ca 
101 0 |a rus 
102 |a RU 
200 1 |a Использование диаграмм UML для визуального моделирования предметной области при построении АСТПП  |f Е. И. Яблочников 
225 1 |a Информационные технологии в управлении, экономике и планировании 
320 |a Библиогр.: 5 назв. 
461 1 |0 (RuTPU)RU\TPU\prd\1520  |t Информационные технологии  |o теоретический и прикладной научно-технический журнал  |d 2000- 
463 1 |0 (RuTPU)RU\TPU\prd\26325  |t № 4  |v С. 58-64  |d 2004 
610 1 |a визуальное моделирование 
610 1 |a технологическая подготовка производства 
610 1 |a предметная область 
610 1 |a описание 
610 1 |a автоматизированные системы 
610 1 |a сложные информационные системы 
610 1 |a диаграммы 
675 |a 004.414  |v 3 
700 1 |a Яблочников  |b Е. И. 
801 1 |a RU  |b 63413507  |c 20041215  |g PSBO 
801 2 |a RU  |b 63413507  |c 20130508  |g RCR 
942 |c BK